Text book of surveying (Record no. 9715)

000 -LEADER
fixed length control field 00462nam a2200193 4500
001 - CONTROL NUMBER
control field 9715
003 - CONTROL NUMBER IDENTIFIER
control field BD-DhUET
008 - FIXED-LENGTH DATA ELEMENTS--GENERAL INFORMATION
fixed length control field 150201b xxu||||| |||| 00| 0 eng d
040 ## - CATALOGING SOURCE
Original cataloging agency DLC
Transcribing agency DLC
Modifying agency BD-DhUET
082 ## - DEWEY DECIMAL CLASSIFICATION NUMBER
Classification number 526.9
Item number SHA/1982
100 ## - MAIN ENTRY--PERSONAL NAME
Personal name Shajahan, M.
245 ## - TITLE STATEMENT
Title Text book of surveying
250 ## - EDITION STATEMENT
Edition statement 1st ed.
260 ## - PUBLICATION, DISTRIBUTION, ETC. (IMPRINT)
Place of publication, distribution, etc. Dacca
Name of publisher, distributor, etc. Kazi Mahfuzur Rahman
Date of publication, distribution, etc. 1982
300 ## - PHYSICAL DESCRIPTION
Extent x, 367p.
Other physical details ill.
650 #0 - SUBJECT ADDED ENTRY--TOPICAL TERM
Topical term or geographic name as entry element Surveying
700 ## - ADDED ENTRY--PERSONAL NAME
Personal name Aziz, M. A.
942 ## - ADDED ENTRY ELEMENTS (KOHA)
Koha item type General Book
Holdings
Koha date last borrowed Not for loan Damaged status Sublocation or collection (holding branch) Price effective from Shelving location Copy number Koha issues (times borrowed) Koha full call number Koha normalized classification for sorting Lost status Koha item type Withdrawn status Date acquired Location (home branch) Piece designation (barcode) Koha out on loan Koha date last seen Source of classification or shelving scheme
2024-11-19  Central Library, BUET2015-02-01Circulation section17526.9/SHA/1982526_900000000000000_SHA_1982 General Book 2015-02-01Central Library, BUET56198  2025-12-02 
2024-11-19  Central Library, BUET2015-03-24Circulation section28526.9/SHA/1982526_900000000000000_SHA_1982 General Book 2015-03-24Central Library, BUET562002024-12-032024-11-19 
   Central Library, BUET2015-06-08Reading section3 526.9/SHA/1982526_900000000000000_SHA_1982 Reading Item 2015-06-08Central Library, BUET56191 2015-06-08 
   Central Library, BUET2015-06-08Reading section4 526.9/SHA/1982526_900000000000000_SHA_1982 Reading Item 2015-06-08Central Library, BUET56195 2015-06-08 
   Central Library, BUET2015-06-09Reading section5 526.9/SHA/1982526_900000000000000_SHA_1982 Reading Item 2015-06-09Central Library, BUET56192 2015-06-09 
   Central Library, BUET2015-06-13Reading section6 526.9/SHA/1982526_900000000000000_SHA_1982 Reading Item 2015-06-13Central Library, BUET56194 2015-06-13